书目信息 |
| 题名: |
互联网金融风险及监管研究
|
|
| 作者: | 辛路 著 | |
| 分册: | ||
| 出版信息: | 北京 光明日报出版社 2017 |
|
| 页数: | 186页 | |
| 开本: | 24cm | |
| 丛书名: | ||
| 单 册: | ||
| 中图分类: | F832.2 | |
| 科图分类: | ||
| 主题词: | 互联网络--应用--金融--风险管理--研究--中国 | |
| 电子资源: | ||
| ISBN: | 978-7-5194-1229-6 | |
| 000 | 00797nam0 2200229 450 | |
| 001 | 012001004466 | |
| 005 | 20140928162349.0 | |
| 010 | @a978-7-5194-1229-6@dCNY36.00 | |
| 100 | @a20171222d2017 em y0chiy50 ea | |
| 101 | 0 | @achi |
| 102 | @aCN@b110000 | |
| 105 | @ay z 000yy | |
| 106 | @ar | |
| 200 | 1 | @a互联网金融风险及监管研究@9hu lian wang jin rong feng xian ji jian guan yan jiu@f辛路著 |
| 210 | @a北京@c光明日报出版社@d2017 | |
| 215 | @a186页@d24cm | |
| 330 | @a本书主要内容包括:互联网金融发展概况、互联网金融在我国的发展现状、互联网金融中存在的风险、互联网金融监管、国内互联网金融监管体系的建议。 | |
| 606 | 0 | @a互联网络@x应用@x金融@x风险管理@x研究@y中国 |
| 690 | @aF832.2@v5 | |
| 701 | 0 | @a辛路@9xin lu@4著 |
| 801 | 0 | @aCN@b上海新华@c20180901 |
| 905 | @b1166275-9@dF832.2@e189@f5 | |
| 互联网金融风险及监管研究/辛路著.-北京:光明日报出版社,2017 |
| 186页;24cm |
| ISBN 978-7-5194-1229-6:CNY36.00 |
| 本书主要内容包括:互联网金融发展概况、互联网金融在我国的发展现状、互联网金融中存在的风险、互联网金融监管、国内互联网金融监管体系的建议。 |
| ● |
| 相关链接 |
|
|
|
|
正题名:互联网金融风险及监管研究
索取号:F832.2/189
 
预约/预借
| 序号 | 登录号 | 条形码 | 馆藏地/架位号 | 状态 | 备注 |
| 1 | 1166275 | 211662752 | 第一样本阅览室/ [索取号:F832.2/189] | 在馆 | |
| 2 | 1166276 | 211662761 | 第一借阅区/ [索取号:F832.2/189] | 在馆 | |
| 3 | 1166277 | 211662770 | 第一借阅区/ [索取号:F832.2/189] | 在馆 | |
| 4 | 1166278 | 211662789 | 第一借阅区/ [索取号:F832.2/189] | 在馆 | |
| 5 | 1166279 | 211662798 | 密集书库-海洋学院/ [索取号:F832.2/189] | 在馆 |